| 000 | 00798nam a22001577a 4500 | ||
|---|---|---|---|
| 003 | OSt | ||
| 005 | 20151113095008.0 | ||
| 008 | 151113b xxu||||| |||| 00| 0 eng d | ||
| 040 | _cRUA | ||
| 082 | _aFOR CHE 2006 B133 Or.1 | ||
| 100 |
_93637 _aCHENG, SUNHY. |
||
| 245 | _aEvaluation of damage by cattle at prek leap school forest in thpong district of kampong speu province (ការវាយតំលៃផលប៉ះពាល់សត្វគោទៅលើរុក្ខជាតិនៅសាលារៀនអនុវត្តន៏ព្រៃឈើព្រែកលៀបនៅឃុំប្រាំបីមុុុំស្រុកថ្ពងខេត្តកំពង់ស្ពឹ) | ||
| 260 |
_aPhnom Penh _bRUA _c2006 |
||
| 300 |
_aix, 45p. _bill. _c29cm. |
||
| 942 |
_2ddc _cFOR |
||
| 999 |
_c3385 _d3385 |
||